[Event "It (open) (c)"]
[Site "masterchessopen.com - Warsaw (Poland)"]
[Date "2008.08.13"]
[Round "9"]
[White "Borowicz Miroslaw (POL)"]
[Black "Kwiatkowski Andrzej (POL)"]
[Result "1-0"]
[WhiteElo "1884"]
[BlackElo "1899"]

1.d4 Nf6 2.c4 c5 3.d5 e6 4.Nc3 exd5 5.cxd5 d6 6.e4 g6 7.f4 Bg7 8.Nf3 O-O 9.Be2
Bg4 10.O-O Qa5 11.Nd2 Bxe2 12.Qxe2 a6 13.Nc4 Qc7 14.e5 dxe5 15.fxe5 Nfd7
16.Bf4 b5 17.e6 Qa7 18.Nd6 fxe6 19.Qxe6+ Kh8 20.Nf7+ Rxf7 21.Qxf7 c4+ 22.Kh1
Qc5 23.Rae1 Ra7 24.Bxb8 {#r} 1-0

[Event "Cup Rector (cat.6)"]
[Site "masterchessopen.com - Belgorod (Russia)"]
[Date "2009.03.14"]
[Round "6"]
[White "Simantsev Mikhail (UKR)"]
[Black "Gabrielian Artur (RUS)"]
[Result "0-1"]
[WhiteElo "2527"]
[BlackElo "2493"]

1.d4 Nf6 2.c4 c5 3.d5 e6 4.Nc3 exd5 5.cxd5 d6 6.e4 g6 7.f4 Bg7 8.Nf3 O-O 9.Be2
Bg4 10.O-O Bxf3 11.Bxf3 Nbd7 12.Re1 Re8 13.a4 Qa5 14.Be3 Nb6 15.Bf2 Nc4 16.Qc2
Rad8 17.Re2 a6 18.Ra2 Nd7 19.Nd1 b5 20.Be1 Qc7 21.a5 Bd4+ 22.Kf1 f5 23.e5 dxe5
24.b3 e4 25.bxc4 exf3 {#R} 0-1

[Event "It (cat.2) (b)"]
[Site "masterchessopen.com - Budapest (Hungary)"]
[Date "2009.03.14"]
[Round "8"]
[White "Kahn Evarth Dr (HUN)"]
[Black "Carlstedt Jonathan (GER)"]
[Result "1-0"]
[WhiteElo "2281"]
[BlackElo "2309"]

1.d4 Nf6 2.c4 c5 3.d5 e6 4.Nc3 exd5 5.cxd5 d6 6.e4 g6 7.f4 Bg7 8.Nf3 O-O 9.Be2
Bg4 10.O-O Nbd7 11.a4 Re8 12.h3 Bxf3 13.Bxf3 Qa5 14.Kh1 c4 15.Be3 Nc5 16.e5
dxe5 17.fxe5 Rxe5 18.Bd4 Ree8 19.d6 Rad8 20.Bxf6 Bxf6 21.Bd5 Nd7 22.Bxc4 Kg7
23.Nd5 Qc5 24.Qb3 Qxd6 25.Qxb7 Rf8 26.Rad1 Nc5 27.Qxa7 Ra8 28.Nxf6 Qxd1
29.Qxc5 Rac8 30.Qe5 Qd8 31.Ne8+ Kh6 32.Qg7+ {#r} 1-0

[Event "Ch Bulgaria (team) (w)"]
[Site "masterchessopen.com - Sunny Beach (Bulgaria)"]
[Date "2009.05.13"]
[Round "6"]
[White "Koen Maja (BUL)"]
[Black "Arutyunova Diana (UKR)"]
[Result "0-1"]
[WhiteElo "2105"]
[BlackElo "2266"]

1.d4 Nf6 2.c4 c5 3.d5 e6 4.Nc3 exd5 5.cxd5 d6 6.e4 g6 7.f4 Bg7 8.Nf3 O-O 9.Bd3
Na6 10.a3 c4 11.Bc2 b5 12.Nxb5 Nxe4 13.Bxe4 Re8 14.Nc3 Bxc3+ 15.bxc3 Rxe4+
16.Kf1 Nc5 17.Ng5 Re8 18.h4 Nd3 19.Bd2 Qb6 20.Qf3 Bg4 21.Be3 Rxe3 22.Qxg4 Re1+
{#R} 0-1

[Event "It (open)"]
[Site "masterchessopen.com - Villaverde (Spain)"]
[Date "2009.07.06"]
[Round "5"]
[White "Garcia Martinez Jose Luis (ESP)"]
[Black "Vargas Huamani Juan C (PER)"]
[Result "0-1"]
[WhiteElo "1839"]
[BlackElo "1967"]

1.d4 Nf6 2.c4 c5 3.d5 e6 4.Nc3 exd5 5.cxd5 d6 6.e4 g6 7.f4 Bg7 8.Nf3 O-O 9.Be2
b5 10.Qc2 a6 11.O-O Re8 12.e5 dxe5 13.fxe5 Ng4 14.Bg5 Qb6 15.Ne4 c4+ 16.Nf2 h6
17.Bf4 Nd7 18.e6 Nde5 19.exf7+ Nxf7 20.h3 Ne3 21.Bxe3 Rxe3 22.Nh4 g5 23.Nf3
Bb7 24.Rad1 Rae8 25.Rfe1 Ne5 26.Qd2 Nd3 27.Bxd3 cxd3 28.Rxe3 Rxe3 29.Re1 Rxe1+
30.Nxe1 Bd4 31.Nxd3 Kg7 32.Kh1 Bxd5 33.Nb4 Bb7 34.Ng4 Qe6 {#R} 0-1

[Event "Ch World (juniors) (under 10)"]
[Site "masterchessopen.com - Kemer (Turkey)"]
[Date "2009.11.21"]
[Round "10"]
[White "Hristov Nikolay (BUL)"]
[Black "Abdumalik Zhansaya (KAZ)"]
[Result "1-0"]
[WhiteElo "1877"]
[BlackElo "1831"]

1.d4 Nf6 2.c4 c5 3.d5 e6 4.Nc3 exd5 5.cxd5 d6 6.e4 g6 7.f4 Bg7 8.Nf3 O-O 9.Be2
Bg4 10.O-O Bxf3 11.Bxf3 Qe7 12.a4 Nbd7 13.Qc2 Ne8 14.Bd2 Bd4+ 15.Kh1 a6 16.Ne2
Bg7 17.Bc3 Bh6 18.a5 Nc7 19.b3 Nb5 20.Bb2 Rac8 21.Rae1 Rfe8 22.Bg4 Rcd8 23.Ng3
Bg7 24.Bxg7 Kxg7 25.Qb2+ Kg8 26.e5 Nf6 27.Be6 fxe6 28.exf6 Qf7 29.dxe6 Rxe6
30.Rxe6 Qxe6 31.f5 gxf5 32.Nxf5 Qe5 33.Qc1 Kh8 {#r} 1-0

[Event "It \"]
[Site "masterchessopen.com - Rijeka (Croatia)"]
[Date "2009.12.02"]
[Round "6"]
[White "Nilsen Joachim Birger (NOR)"]
[Black "Kanceljak Dalia (CRO)"]
[Result "1-0"]
[WhiteElo "2067"]
[BlackElo "1904"]

1.d4 Nf6 2.c4 g6 3.Nc3 Bg7 4.e4 d6 5.f4 c5 6.d5 e6 7.Nf3 exd5 8.cxd5 O-O 9.Bd3
Re8 10.O-O a6 11.a4 b6 12.Nd2 Ng4 13.Nf3 Nd7 14.h3 Ngf6 15.Re1 Qc7 16.Bc4 Bb7
17.Qc2 Rad8 18.Bd2 h5 19.Rad1 Nf8 20.Bc1 N6d7 21.e5 dxe5 22.d6 Qb8 23.Ng5 Ne6
24.Bxe6 fxe6 25.Qxg6 Nf8 26.Qf7+ Kh8 27.Qxh5+ Kg8 28.Qf7+ Kh8 29.d7 {#r} 1-0

[Event "Czech League 2009/10 (1st) West"]
[Site "masterchessopen.com - Czech Republic"]
[Date "2010.02.07"]
[Round "8"]
[White "Pletanek Jan (CZE)"]
[Black "Svatos Jan (CZE)"]
[Result "1-0"]
[WhiteElo "2210"]
[BlackElo "2267"]

1.d4 Nf6 2.c4 c5 3.d5 e6 4.Nc3 exd5 5.cxd5 d6 6.e4 g6 7.f4 Bg7 8.Nf3 O-O 9.Be2
a6 10.a4 Re8 11.e5 dxe5 12.fxe5 Ng4 13.Bg5 f6 14.exf6 Bxf6 15.Qd2 Bxg5 16.Qxg5
Qxg5 17.Nxg5 Ne3 18.Kf2 Nc2 19.Rac1 Rf8+ 20.Kg3 Nd4 21.Rhf1 Nxe2+ 22.Nxe2 Rxf1
23.Rxf1 Bf5 24.Nc3 Nd7 25.Re1 h6 26.Nf3 Kf7 27.Kf4 Kf6 28.h4 b5 29.g4 Bd3
30.d6 Rf8 31.Re7 Rf7 32.g5+ hxg5+ 33.Nxg5 {#r} 1-0

[Event "Ch Poland (juniors) (under 18)"]
[Site "masterchessopen.com - Karpacz (Poland)"]
[Date "2010.03.10"]
[Round "7"]
[White "Leczycki Pawel (POL)"]
[Black "Swiech Przemyslaw (POL)"]
[Result "0-1"]
[WhiteElo "2035"]
[BlackElo "1448"]

1.d4 Nf6 2.c4 c5 3.d5 e6 4.Nc3 exd5 5.cxd5 d6 6.e4 g6 7.f4 Bg7 8.Nf3 O-O 9.Be2
b5 10.Bxb5 Nxe4 11.Nxe4 Qa5+ 12.Nc3 Bxc3+ 13.bxc3 Qxb5 14.Be3 Re8 15.Qd2 Nd7
16.Rc1 Qc4 17.Qe2 Nb6 18.Nd2 Qxe2+ 19.Kxe2 Nxd5 20.Nf1 Ba6+ 21.c4 Nxf4+ 22.Kf3
Nd3 23.Rc3 Bxc4 24.Nd2 Bd5+ 25.Ke2 Nf4+ {#R} 0-1

[Event "Ch Ukraine (juniors) (under 16) (g)"]
[Site "masterchessopen.com - Lugansk (Ukraine)"]
[Round "11"]
[White "Kolba Anastasiya (UKR)"]
[Black "Ivanenko Olga (UKR)"]
[Result "1-0"]
[WhiteElo "1988"]
[BlackElo "2108"]

1.d4 Nf6 2.c4 e6 3.Nc3 c5 4.d5 exd5 5.cxd5 d6 6.e4 g6 7.f4 Bg7 8.Nf3 O-O 9.Bd3
Re8 10.O-O c4 11.Bc2 Na6 12.h3 b5 13.a3 Qb6+ 14.Kh1 Bb7 15.Re1 Rad8 16.Be3 Nc5
17.Bd4 Re7 18.b4 cxb3 19.Bxb3 Rde8 20.e5 Nfd7 21.Ne4 dxe5 22.fxe5 Nxe5 23.Bxc5
Nxf3 24.Qxf3 Rxe4 25.Rxe4 Rxe4 26.Bxb6 Re6 27.dxe6 Bxf3 28.e7 Bc6 29.Re1 {#r}
1-0

[Event "Tournament (open) \"]
[Site "masterchessopen.com - Turin (Italy)"]
[Date "2010.09.20"]
[Round "2"]
[White "Mantovan Giuseppe"]
[Black "De Barberis Massimo (ITA)"]
[Result "0-1"]
[WhiteElo "1859"]
[BlackElo "2076"]

1.d4 Nf6 2.c4 e6 3.Nc3 c5 4.d5 exd5 5.cxd5 d6 6.e4 g6 7.f4 Bg7 8.Nf3 O-O 9.Bd3
Re8 10.O-O Nbd7 11.a4 a6 12.Bd2 c4 13.Bc2 Rb8 14.e5 dxe5 15.fxe5 Nxe5 16.Nxe5
Rxe5 17.Bf4 Ng4 18.Qd2 Bd7 19.a5 Qe7 20.Bxe5 Bxe5 21.g3 f5 22.Rae1 Qc5+ 23.Kh1
Bd4 24.Bd1 Nf2+ 25.Kg2 Nd3 26.Re2 b5 27.h4 b4 28.Na4 Qxd5+ 29.Kh2 f4 30.Rxf4
Nxf4 31.Nb6 Qf5 32.Qxd4 Qh3+ 33.Kg1 Qxg3+ 34.Kh1 Bc6+ {#R} 0-1

[Event "Ch Central Serbia"]
[Site "masterchessopen.com - Valjevo (Serbia)"]
[Date "2010.11.09"]
[Round "2"]
[White "Ilic Dragan (SRB)"]
[Black "Zivanovic Bojan (SRB)"]
[Result "1-0"]
[WhiteElo "2367"]
[BlackElo "1941"]

1.d4 Nf6 2.c4 c5 3.d5 e6 4.Nc3 exd5 5.cxd5 d6 6.e4 g6 7.f4 Bg7 8.Nf3 O-O 9.Bd3
a6 10.a4 Re8 11.O-O Nbd7 12.h3 Qc7 13.Re1 Nb6 14.a5 Nbd7 15.Bc2 Nf8 16.e5 N6d7
17.Ba4 b5 18.axb6 Qxb6 19.e6 fxe6 20.dxe6 Rxe6 21.Rxe6 Nxe6 22.Qd5 {#r} 1-0

[Event "It (open)"]
[Site "masterchessopen.com - Cappelle la Grande (France)"]
[Date "2011.03.03"]
[Round "7"]
[White "Valuet Bertrand (FRA)"]
[Black "Mekhitarian Krikor Sevag (BRA)"]
[Result "0-1"]
[WhiteElo "2298"]
[BlackElo "2488"]

1.d4 Nf6 2.c4 c5 3.d5 e6 4.Nc3 exd5 5.cxd5 d6 6.e4 g6 7.f4 Bg7 8.Nf3 O-O 9.Be2
Bg4 10.O-O Nfd7 11.Nb5 Nb6 12.e5 dxe5 13.d6 e4 14.Ne5 Bxe2 15.Qxe2 Nc6 16.Be3
Nxe5 17.fxe5 Bxe5 18.Bxc5 f5 19.Rfd1 Qf6 20.Rac1 Bxb2 21.Rc2 Be5 22.Bxb6 axb6
23.Qe3 Kh8 24.Rc7 Qh4 25.g3 Qh5 26.Rd2 f4 27.Qxe4 fxg3 28.hxg3 Bxg3 29.Qe7
Bf2+ 30.Rxf2 Qd1+ 31.Kg2 Rxf2+ 32.Kxf2 Rxa2+ 33.Kg3 Qd3+ {#R} 0-1

[Event "Ch Wales"]
[Site "masterchessopen.com - Cardiff (Wales)"]
[Date "2011.04.23"]
[Round "2"]
[White "Fathallah Joe (WLS)"]
[Black "Kett T (WLS)"]
[Result "0-1"]
[WhiteElo "1945"]
[BlackElo "2184"]

1.d4 Nf6 2.c4 c5 3.d5 e6 4.Nc3 exd5 5.cxd5 d6 6.e4 g6 7.f4 Bg7 8.Nf3 O-O 9.Bd3
Bg4 10.O-O Nbd7 11.h3 Bxf3 12.Qxf3 a6 13.a4 Qc7 14.Kh1 Rfe8 15.Be3 c4 16.Bc2
b6 17.Bg1 Rab8 18.Bh2 b5 19.Rae1 b4 20.Nd1 Re7 21.Re2 Rbe8 22.Rfe1 Qa5 23.Ne3
Nb6 24.f5 b3 25.Bb1 Nxe4 26.Nxc4 Nxc4 27.Bxe4 Nd2 28.Qd3 Nxe4 29.Rxe4 Qxe1+
30.Rxe1 Rxe1+ 31.Bg1 Bxb2 32.g4 Bg7 33.Kg2 b2 {#R} 0-1

[Event "Ch Germany (open) (under 25) (a)"]
[Site "masterchessopen.com - Oberhof (Germany)"]
[Date "2011.06.14"]
[Round "5"]
[White "Muench Marlene (GER)"]
[Black "Kardoeus David (GER)"]
[Result "1-0"]
[WhiteElo "1827"]
[BlackElo "1770"]

1.d4 c5 2.d5 Nf6 3.c4 e6 4.Nc3 exd5 5.cxd5 d6 6.e4 g6 7.f4 Bg7 8.Nf3 O-O 9.Bd3
a6 10.a4 Re8 11.O-O Bg4 12.h3 Bxf3 13.Qxf3 Nbd7 14.Kh1 Qa5 15.Bd2 Qb4 16.Qe2
Nh5 17.Kh2 c4 18.Bxc4 Nc5 19.Nb5 Qxb2 20.Nxd6 Qc2 21.Rac1 Qxa4 22.Nxe8 Rxe8
23.e5 b5 24.Bxb5 axb5 25.Rxc5 b4 26.Qb5 Qa3 27.Qxe8+ Bf8 28.Rf3 b3 29.Rc8 Kg7
30.Qxf8+ {#r} 1-0

[Event "It \"]
[Site "masterchessopen.com - Liberec (Czech Republic)"]
[Date "2011.08.15"]
[Round "3"]
[White "Prachar Josef (CZE)"]
[Black "Kokta Marcel (CZE)"]
[Result "1-0"]
[WhiteElo "1888"]
[BlackElo "1800"]

1.d4 Nf6 2.c4 c5 3.d5 e6 4.Nc3 exd5 5.cxd5 d6 6.e4 g6 7.f4 Bg7 8.Nf3 O-O 9.Be2
b5 10.e5 dxe5 11.fxe5 Ng4 12.Bg5 Qa5 13.O-O c4 14.Qd2 Qb6+ 15.Kh1 Nxe5 16.Nxe5
Bxe5 17.Be7 Re8 18.d6 Be6 19.Bf3 Nc6 20.Nd5 Qc5 21.Nf6+ Kg7 22.Nxe8+ Rxe8
23.Bxc6 Qxc6 24.Rae1 {#r} 1-0

[Event "It \"]
[Site "masterchessopen.com - Rijeka (Croatia)"]
[Date "2011.11.19"]
[Round "9"]
[White "Sutkovic Damir (BIH)"]
[Black "Leskur Dejan (SRB)"]
[Result "1-0"]
[WhiteElo "2339"]
[BlackElo "2416"]

1.d4 Nf6 2.c4 c5 3.d5 e6 4.Nc3 exd5 5.cxd5 d6 6.e4 g6 7.f4 Bg7 8.Nf3 O-O 9.Be2
Bg4 10.O-O Nbd7 11.h3 Bxf3 12.Bxf3 a6 13.a4 Re8 14.Re1 c4 15.Be3 b5 16.axb5
axb5 17.Rxa8 Qxa8 18.Nxb5 Qb8 19.Qa4 Nb6 20.Qa5 Nfd7 21.Bd4 Bxd4+ 22.Nxd4 Qd8
23.g3 h5 24.h4 Qc7 25.Nc6 Nc5 26.e5 Nd3 27.Re2 Ra8 28.exd6 Rxa5 29.dxc7 Ra1+
30.Kh2 Kf8 31.d6 {#r} 1-0

[Event "Ch Greece (juniors) (under 18)"]
[Site "masterchessopen.com - Nikea (Greece)"]
[Date "2012.01.06"]
[Round "5"]
[White "Vasiliadis Anastasios (GRE)"]
[Black "Hatzoudis Gerasimos (GRE)"]
[Result "1-0"]
[WhiteElo "1920"]
[BlackElo "1838"]

1.d4 Nf6 2.c4 g6 3.Nc3 Bg7 4.e4 d6 5.f4 c5 6.d5 e6 7.Nf3 exd5 8.cxd5 O-O 9.Bd3
Nbd7 10.O-O c4 11.Bxc4 Nc5 12.e5 dxe5 13.fxe5 Ng4 14.Qe2 Qb6 15.Kh1 Re8 16.Bf4
Bd7 17.Rae1 Rac8 18.a3 a5 19.Qd2 Na4 20.Nxa4 Bxa4 21.Bd3 Qb3 22.h3 Nxe5
23.Bxe5 Bxe5 24.Rxe5 Rxe5 25.Nxe5 Qxd5 26.Qf4 Bb3 27.Be4 Qe6 28.Ng4 f5 29.Nh6+
Kh8 30.Bxf5 gxf5 31.Qd4+ {#r} 1-0

[Event "Ch Vietnam"]
[Site "masterchessopen.com - Can Tho (Vietnam)"]
[Date "2012.03.23"]
[Round "8"]
[White "Le Minh Hoang (VIE)"]
[Black "Vu Phi Hung (VIE)"]
[Result "0-1"]
[WhiteElo "1939"]
[BlackElo "2105"]

1.d4 Nf6 2.c4 c5 3.d5 e6 4.Nc3 exd5 5.cxd5 d6 6.e4 g6 7.f4 Bg7 8.Nf3 O-O 9.Bd3
a6 10.a4 Re8 11.O-O Nbd7 12.Kh1 Rb8 13.e5 dxe5 14.fxe5 Ng4 15.e6 fxe6 16.Ng5
Nde5 17.Nf7 Qh4 18.Bf4 Nxf7 19.Bg3 Qh5 20.Rxf7 Kxf7 21.Qf3+ Kg8 22.Bxb8 Rf8
23.Qe2 Nf2+ 24.Kg1 Bd4 25.Bc4 Ne4+ 26.Kh1 Nf2+ 27.Kg1 Nd1+ 28.Kh1 Qxe2 29.Bxe2
Nxb2 30.Rc1 exd5 31.Nxd5 Re8 32.Bf1 Be6 33.Nf4 Bf7 34.Bd6 Nxa4 {#R} 0-1

[Event "It (open)"]
[Site "masterchessopen.com - Vaujany (France)"]
[Date "2012.07.20"]
[Round "9"]
[White "De Lagontrie Jean (FRA)"]
[Black "Mahiouz Oualid (FRA)"]
[Result "1-0"]
[WhiteElo "1868"]
[BlackElo "2096"]

1.d4 Nf6 2.c4 c5 3.d5 e6 4.Nc3 exd5 5.cxd5 d6 6.e4 g6 7.f4 Bg7 8.Nf3 O-O 9.Be2
b5 10.e5 dxe5 11.fxe5 Ng4 12.Bg5 Qb6 13.O-O Nxe5 14.Be7 Re8 15.d6 Bb7 16.Nxe5
Bxe5 17.Bf3 Nd7 18.Bd5 Bd4+ 19.Kh1 Ne5 20.Qc2 Rab8 21.Bxb7 Qxb7 22.Rae1 Qd7
23.Ne4 Nc4 24.Qd3 Nb6 25.b4 f5 26.Nxc5 Bxc5 27.bxc5 Nc8 28.Qd5+ {#r} 1-0

[Event "It (open)"]
[Site "masterchessopen.com - Vienna (Austria)"]
[Date "2012.08.19"]
[Round "7"]
[White "Kottisch Gustav (AUT)"]
[Black "Schuh Manuel (AUT)"]
[Result "0-1"]
[WhiteElo "1981"]
[BlackElo "1871"]

1.d4 Nf6 2.c4 g6 3.Nc3 Bg7 4.e4 d6 5.f4 c5 6.d5 e6 7.Nf3 exd5 8.cxd5 O-O 9.Be2
a6 10.O-O Re8 11.e5 dxe5 12.fxe5 Nfd7 13.Bg5 f6 14.exf6 Nxf6 15.Qd2 Nbd7
16.Rae1 b5 17.Bd3 Bb7 18.Qf4 Qb6 19.Ne5 c4+ 20.Kh1 Nxe5 21.Rxe5 Rxe5 22.Bxf6
Bxf6 23.Ne4 Rf5 24.Nxf6+ Rxf6 {#R} 0-1